000 00674nab a2200217u 4500
001 19173
003 HDC
007 c| |||a|c|aaaa
008 210226b20070806my ||||o |||| 00| 0 eng d
040 _aHDC
245 2 _aA Fatwa on Stunning
336 _atext
_2rdacontent
337 _acomputer
_2rdamedia
338 _aonline resource
_2rdacarrier
650 _aIslamic Fiqh Council
_917705
650 _aMuslim World League
_917706
856 _zRequest full-text at [email protected]
942 _2lcc
942 _cNEWS
942 _kNWS0 003505
999 _c16489
_d16489